000 01229nas a2200277 i 4500
003 DO-SdUA
005 20260318144550.0
008 260318e1997 dr f p|r || | spa d
040 _aDO-SdUA
_bspa
_cDO-SdBNP
_erda
041 0 _aspa
245 0 0 _aPerspectivas :
_brevista filosófico-teológico-pastoral /
_córgano del Seminario Pontificio Santo Tomás de Aquino.
264 _aSanto Domingo, República Dominicana :
_bSeminario Pontificio Santo Tomás de Aquino,
_c1997-
300 _avolumen ;
_c25 cm.
310 _aSemestral.
336 _atexto
_btxt
_2rdacontent
337 _asin mediación
_bn
_2rdacontent
338 _avolumen
_bnc
_2rdacarrier
362 _aAño 3. No. 1, enero-junio 1997.
500 _aCatalogación basada en el: Año 3. No. 1, enero-junio 1997.
504 _aIncluye referencias bibliográficas a pie de páginas.
650 7 _aFilosofía
_vPublicaciones periódicas
_989241
_zRepública Dominicana
650 7 _aTeología
_vPublicaciones periódicas
_989242
_zRepública Dominicana
650 0 _aSeminario Pontificio Santo Tomás de Aquino
_vPublicaciones periódicas
_989244
_zRepública Dominicana
710 2 _aSeminario Pontificio Santo Tomás de Aquino
_989243
942 _2ddc
_cISSUE
999 _c60515
_d60515